[Event "ASIAN JUNIORS & GIRLS UNDER-20 CHESS CHAMPIONSHIPS"]
[Site "Tagaytay City, Philippines"]
[Date "2014.12.01"]
[Round "4"]
[Board "1"]
[White "SARANYA, J"]
[Black "PUJARI, Rucha"]
[Result "1/2-1/2"]
[WhiteElo "2104"]
[BlackElo "2109"]
[PlyCount "92"]
[EventDate "2014.11.29"]
[EventRounds "9"]
[EventCountry "PHI"]

1. e4 e5 2. Nf3 Nc6 3. Bc4 Nf6 4. d3 Be7 5. O-O O-O 6. Re1 d6 7. c3 Na5 8. Bb5
a6 9. Ba4 b5 10. Bc2 c5 11. d4 Qc7 12. h3 h6 13. Nbd2 Re8 14. Nf1 Bf8 15. g4
cxd4 16. cxd4 h5 17. g5 Nh7 18. h4 Bg4 19. Bd3 exd4 20. Bf4 Qd7 21. Ng3 Nc4 22.
Be2 Nxb2 23. Qxd4 Na4 24. Rad1 Qc6 25. Rc1 Nc5 26. Nh2 Bxe2 27. Rxe2 g6 28. Nf3
Rad8 29. Qe3 Qb7 30. Nd4 Bg7 31. Nb3 Nf8 32. Nxc5 dxc5 33. Qxc5 Ne6 34. Qe3 b4
35. Rec2 Nxf4 36. Rc7 Nd5 37. Rxb7 Nxe3 38. fxe3 Bc3 39. Rf1 Rd2 40. Rfxf7 Rxa2
41. e5 Bxe5 42. Ne4 Rc8 43. Rf1 Rcc2 44. Rd1 Rc8 45. Rb5 Re8 46. Rb7 Rf8
 1/2-1/2

[Event "ASIAN JUNIORS & GIRLS UNDER-20 CHESS CHAMPIONSHIPS"]
[Site "Tagaytay City, Philippines"]
[Date "2014.12.01"]
[Round "4"]
[Board "2"]
[White "ZHYLKAIDAROVA,  Sholpan"]
[Black "NANDHIDHAA, Pv"]
[Result "1-0"]
[WhiteElo "2149"]
[BlackElo "2177"]
[PlyCount "135"]
[EventDate "2014.11.29"]
[EventRounds "9"]
[EventCountry "PHI"]

1. d4 Nf6 2. c4 e6 3. Nc3 d5 4. Bg5 Be7 5. e3 h6 6. Bh4 O-O 7. cxd5 exd5 8. Bd3
c6 9. Qc2 Re8 10. Nf3 Ne4 11. Bxe7 Qxe7 12. O-O Bf5 13. Rab1 a5 14. a3 Nd7 15.
b4 axb4 16. axb4 Ra3 17. Bxe4 dxe4 18. Nd2 Nb6 19. Ne2 Bd7 20. Qc5 Nd5 21. Ng3
f5 22. Nc4 Rc3 23. Qxe7 Nxe7 24. Nd6 Rb8 25. Rfc1 Rxc1+ 26. Rxc1 g6 27. Ra1 Nd5
28. Ra7 Nxb4 29. Rxb7 Rxb7 30. Nxb7 Nd3 31. Ne2 Bc8 32. Nc5 Kf7 33. Nc3 Be6 34.
Nxd3 exd3 35. Kf1 g5 36. Ke1 Ke7 37. Kd2 Bc4 38. Na4 Kd6 39. Nc5 Kd5 40. Nxd3
Bb5 41. Kc3 Ke4 42. Nc5+ Kd5 43. g3 Be2 44. Kb4 Bf3 45. Nd3 Be2 46. Ne1 Bb5 47.
Nf3 Be2 48. Nd2 Bb5 49. Ka5 Bd3 50. Kb6 Kd6 51. Nb3 Bc4 52. Na5 Bb5 53. Nb7+
Kd5 54. Nd8 f4 55. Nf7 fxe3 56. fxe3 Ke4 57. Nxh6 Kxe3 58. d5 cxd5 59. Kxb5 d4
60. Nf5+ Ke4 61. Nd6+ Ke3 62. Kc4 d3 63. Kc3 g4 64. Nc4+ Ke2 65. Kd4 Kf3 66.
Kxd3 Kg2 67. Ke3 Kxh2 68. Kf4  1-0

[Event "ASIAN JUNIORS & GIRLS UNDER-20 CHESS CHAMPIONSHIPS"]
[Site "Tagaytay City, Philippines"]
[Date "2014.12.01"]
[Round "4"]
[Board "3"]
[White "IVANA MARIA, Furtado"]
[Black "MENDOZA, Shania Mae"]
[Result "1-0"]
[WhiteElo "2219"]
[BlackElo "1907"]
[PlyCount "88"]
[EventDate "2014.11.29"]
[EventRounds "9"]
[EventCountry "PHI"]

1. d4 d6 2. Nf3 Nf6 3. g3 Bg4 4. Bg2 c6 5. c4 Nbd7 6. Nc3 e5 7. O-O Be7 8. h3
Bxf3 9. exf3 O-O 10. f4 exd4 11. Qxd4 Qb6 12. Qd1 Ne8 13. Rb1 a5 14. Be3 Qc7
15. g4 g6 16. Ne4 Ng7 17. f5 Rfd8 18. Bd4 f6 19. fxg6 hxg6 20. Ng3 Ne5 21. Qc2
Kf7 22. f4 Nd7 23. Rbe1 Nf8 24. h4 Nfe6 25. Be3 Rh8 26. f5 gxf5 27. Nxf5 Nxf5
28. Qxf5 Ng7 29. Qf2 Qd7 30. Bd4 Qxg4 31. Rxe7+ Kxe7 32. Qxf6+ Kd7 33. Qf7+ Kc8
34. Qxg7 Qxg7 35. Bxg7 Rh7 36. Rf8+ Kc7 37. Rxa8 Rxg7 38. Rh8 Rg4 39. h5 Rxc4
40. h6 Rh4 41. Kf2 d5 42. Kg3 Rh5 43. Bf3 Rg5+ 44. Kf2 Rg6  1-0

[Event "ASIAN JUNIORS & GIRLS UNDER-20 CHESS CHAMPIONSHIPS"]
[Site "Tagaytay City, Philippines"]
[Date "2014.12.01"]
[Round "4"]
[Board "4"]
[White "ROMERO, Gladys Hazelle"]
[Black "SUPRIYA, Joshi"]
[Result "0-1"]
[WhiteElo "1838"]
[BlackElo "1895"]
[PlyCount "84"]
[EventDate "2014.11.29"]
[EventRounds "9"]
[EventCountry "PHI"]

1. d4 Nf6 2. Nf3 g6 3. Nc3 d5 4. Bf4 Bg7 5. e3 O-O 6. Be2 b6 7. Ne5 Bb7 8. h4
c5 9. h5 Nc6 10. hxg6 hxg6 11. Bb5 Nxe5 12. dxe5 Ne4 13. Nxe4 dxe4 14. Qg4 Qd5
15. Qh4 f5 16. b3 Qe6 17. O-O-O Rad8 18. Bc4 Bd5 19. Rxd5 Rxd5 20. Rd1 Rfd8 21.
Rxd5 Rxd5 22. Bxd5 Qxd5 23. Qxe7 c4 24. Qd6 Qa5 25. Qe6+ Kh7 26. Qxc4 Bxe5 27.
Bxe5 Qxe5 28. Qf7+ Kh6 29. Qxa7 Qa1+ 30. Kd2 Qf1 31. Qe7 Qxf2+ 32. Kd1 Qg1+ 33.
Kd2 Qxg2+ 34. Kc3 Qf2 35. Kd4 Kh5 36. Qh7+ Kg5 37. Qh3 Qf3 38. Qh2 f4 39. exf4+
Qxf4 40. Qg2+ Kf5 41. Qh3+ Kf6 42. a4 Qe5+  0-1

[Event "ASIAN JUNIORS & GIRLS UNDER-20 CHESS CHAMPIONSHIPS"]
[Site "Tagaytay City, Philippines"]
[Date "2014.12.01"]
[Round "4"]
[Board "5"]
[White "SUEDE, Mikee Charlene"]
[Black "SHAIKHA, Abdallah Aldhaheri"]
[Result "1-0"]
[WhiteElo "1938"]
[BlackElo "1555"]
[PlyCount "49"]
[EventDate "2014.11.29"]
[EventRounds "9"]
[EventCountry "PHI"]

1. e4 c5 2. Nc3 g6 3. f4 Bg7 4. Nf3 Nc6 5. Bb5 e6 6. d3 Nd4 7. O-O a6 8. Bc4 b5
9. Bb3 Ne7 10. Nxd4 cxd4 11. Ne2 a5 12. a4 b4 13. Qe1 Nc6 14. Qf2 d6 15. f5 O-O
16. f6 Bh8 17. Qh4 e5 18. Ng3 Be6 19. Nf5 Bxf6 20. Nh6+ Kg7 21. Rxf6 Bxb3 22.
Bg5 Qd7 23. cxb3 Nd8 24. Raf1 Rc8 25. Rxd6  1-0

[Event "ASIAN JUNIORS & GIRLS UNDER-20 CHESS CHAMPIONSHIPS"]
[Site "Tagaytay City, Philippines"]
[Date "2014.12.01"]
[Round "4"]
[Board "7"]
[White "AL-MOAAMARI, Mozah"]
[Black "SAN DIEGO, Jerlyn Mae"]
[Result "0-1"]
[WhiteElo "1457"]
[BlackElo "1411"]
[PlyCount "94"]
[EventDate "2014.11.29"]
[EventRounds "9"]
[EventCountry "PHI"]

1. c4 Nf6 2. Nc3 e6 3. e4 d6 4. Nf3 b6 5. d3 Bb7 6. g3 Be7 7. Bg2 O-O 8. O-O
Nbd7 9. Be3 a5 10. h3 Nc5 11. Rb1 Qd7 12. a3 a4 13. Re1 Nb3 14. Nd4 Nc5 15. Ra1
Rfe8 16. b3 e5 17. Nde2 Nxb3 18. Nd5 Nxa1 19. Qxa1 Nxd5 20. cxd5 b5 21. Qb2 c5
22. Rb1 Ba6 23. Nc3 Reb8 24. Qd2 b4 25. axb4 cxb4 26. Na2 b3 27. Nc3 a3 28. Bf1
a2 29. Nxa2 bxa2 30. Rxb8+ Rxb8 31. Qxa2 Ra8 32. d4 Bb7 33. Qb2 Bf6 34. dxe5
Bxe5 35. Bd4 Bxd4 36. Qxd4 h6 37. Kg2 Bc8 38. Kh2 Ba6 39. Bg2 Bb5 40. e5 dxe5
41. Qxe5 Re8 42. Qd4 Rd8 43. Qc5 Rc8 44. Qd4 Bc6 45. h4 Rd8 46. Bh3 Qxd5 47.
Qb6 Qh1#  0-1

[Event "ASIAN JUNIORS & GIRLS UNDER-20 CHESS CHAMPIONSHIPS"]
[Site "Tagaytay City, Philippines"]
[Date "2014.12.01"]
[Round "4"]
[Board "8"]
[White "JAISWAL, Bina"]
[Black "ZISHA, Zahuratul Zannat"]
[Result "1/2-1/2"]
[WhiteElo "1557"]
[BlackElo "1736"]
[PlyCount "110"]
[EventDate "2014.11.29"]
[EventRounds "9"]
[EventCountry "PHI"]

1. e4 c5 2. d4 cxd4 3. Qxd4 Nc6 4. Qd1 Nf6 5. Nc3 e6 6. Nf3 Bb4 7. Bd2 O-O 8.
Bd3 a6 9. a3 Ba5 10. h3 d6 11. Qe2 Qc7 12. b4 Bb6 13. b5 axb5 14. Nxb5 Qd8 15.
e5 dxe5 16. Nxe5 h6 17. O-O Nd5 18. Qe4 Nf6 19. Nxc6 Nxe4 20. Nxd8 Nxd2 21.
Rfd1 Nf3+ 22. gxf3 Rxd8 23. Kg2 Bd7 24. Nd6 Bc6 25. Be4 Bxe4 26. fxe4 Bc7 27.
Nxb7 Rxd1 28. Rxd1 Rxa3 29. Rd3 Rxd3 30. cxd3 Kf8 31. Kf3 Bb6 32. Nd6 Bd4 33.
Nb5 Bb6 34. Nd6 f6 35. Ke2 g5 36. f3 Bc5 37. Nc4 Ke7 38. Nd2 f5 39. Nf1 f4 40.
Nh2 h5 41. Nf1 Kd6 42. Nd2 e5 43. Nb3 Kc6 44. Na5+ Kb5 45. Nc4 Bd4 46. Nd6+ Kb4
47. Nf7 Kc5 48. Nxg5 Kd6 49. Kd1 Ke7 50. Kc2 Kf6 51. Nh7+ Kg7 52. Ng5 Kf6 53.
Nh7+ Kg7 54. Ng5 Kf6 55. Nh7+ Kg7  1/2-1/2

[Event "ASIAN JUNIORS & GIRLS UNDER-20 CHESS CHAMPIONSHIPS"]
[Site "Tagaytay City, Philippines"]
[Date "2014.12.01"]
[Round "5"]
[Board "1"]
[White "SUPRIYA, Joshi"]
[Black "ZHYLKAIDAROVA,  Sholpan"]
[Result "1/2-1/2"]
[WhiteElo "1895"]
[BlackElo "2149"]
[PlyCount "101"]
[EventDate "2014.11.29"]
[EventRounds "9"]
[EventCountry "PHI"]

1. e4 e6 2. d4 d5 3. Nd2 Nf6 4. e5 Nfd7 5. Bd3 c5 6. c3 Nc6 7. Ngf3 Be7 8. O-O
g5 9. dxc5 Nxc5 10. Bb5 Bd7 11. Qe2 a6 12. Bxc6 Bxc6 13. Nd4 Qc7 14. N2b3 Nd7
15. f4 gxf4 16. Bxf4 O-O-O 17. Rac1 Nb6 18. Na5 Bc5 19. Naxc6 Qxc6 20. Bg5 Rd7
21. Bf6 Re8 22. Qh5 Qc7 23. Qxh7 Nc4 24. Rfe1 Nxb2 25. h4 Be7 26. Qxf7 Rf8 27.
Qg6 Bxf6 28. exf6 e5 29. Nf5 e4 30. Ne7+ Kb8 31. Rf1 Nd3 32. Qh6 Nxc1 33. Qxf8+
Rd8 34. Qxd8+ Qxd8 35. f7 Ne2+ 36. Kh2 Qd6+ 37. Kh1 Ng3+ 38. Kg1 Qb6+ 39. Rf2
Ne2+ 40. Kf1 Qb1+ 41. Kxe2 Qd3+ 42. Ke1 Qxc3+ 43. Ke2 Qc2+ 44. Ke1 Qb1+ 45. Ke2
Qc2+ 46. Ke1 Qc3+ 47. Ke2 Qc2+ 48. Ke1 Qc3+ 49. Kf1 Qc1+ 50. Ke2 Qc2+ 51. Ke1
 1/2-1/2

[Event "ASIAN JUNIORS & GIRLS UNDER-20 CHESS CHAMPIONSHIPS"]
[Site "Tagaytay City, Philippines"]
[Date "2014.12.01"]
[Round "5"]
[Board "2"]
[White "PUJARI, Rucha"]
[Black "IVANA MARIA, Furtado"]
[Result "0-1"]
[WhiteElo "2109"]
[BlackElo "2219"]
[PlyCount "122"]
[EventDate "2014.11.29"]
[EventRounds "9"]
[EventCountry "PHI"]

1. d4 Nf6 2. Nf3 d5 3. c4 e6 4. Nc3 Bb4 5. Qa4+ Nc6 6. e3 O-O 7. Bd2 dxc4 8.
Bxc4 Bd6 9. Nb5 Be7 10. a3 a6 11. Nc3 Bd6 12. Qc2 e5 13. dxe5 Nxe5 14. Nxe5
Bxe5 15. h3 b5 16. Bd3 Bb7 17. f4 Bxc3 18. Bxc3 Qe7 19. Bd4 Nd5 20. Bc5 Qe6 21.
Kf2 Rfe8 22. Rhe1 Nf6 23. Kg1 Be4 24. Rad1 Bxd3 25. Rxd3 Ne4 26. b4 a5 27. bxa5
Rxa5 28. Rc1 Ra6 29. Qb2 Rc6 30. Bd4 Rxc1+ 31. Qxc1 c5 32. Be5 f6 33. Bb2 c4
34. Rd1 c3 35. Ba1 Qa2 36. Rd7 Nc5 37. Rc7 Nb3 38. Qxc3 Qxa1+ 39. Qxa1 Nxa1 40.
Kf2 Nb3 41. Rb7 Ra8 42. Rxb5 Rxa3 43. f5 h6 44. g4 Nd2 45. Rb8+ Kh7 46. Re8 Ra4
47. Ke2 Nc4 48. h4 Ra2+ 49. Kf3 Ne5+ 50. Kg3 Ra4 51. Kh3 Nxg4 52. Kg3 Ne5 53.
Rb8 Rg4+ 54. Kh3 Re4 55. h5 Rxe3+ 56. Kh4 Re4+ 57. Kh3 Rf4 58. Kg3 Rxf5 59. Kh4
Rf1 60. Rb7 Rh1+ 61. Kg3 Rxh5  0-1

[Event "ASIAN JUNIORS & GIRLS UNDER-20 CHESS CHAMPIONSHIPS"]
[Site "Tagaytay City, Philippines"]
[Date "2014.12.01"]
[Round "5"]
[Board "3"]
[White "SUEDE, Mikee Charlene"]
[Black "SARANYA, J"]
[Result "1-0"]
[WhiteElo "1938"]
[BlackElo "2104"]
[PlyCount "71"]
[EventDate "2014.11.29"]
[EventRounds "9"]
[EventCountry "PHI"]

1. e4 c5 2. Nc3 d6 3. f4 Nc6 4. Bb5 Bd7 5. Bxc6 Bxc6 6. Nf3 g6 7. O-O Bg7 8. d3
Qc7 9. Qe1 O-O-O 10. a3 e6 11. Rb1 Ne7 12. b4 b6 13. bxc5 dxc5 14. Bd2 a6 15.
Nd1 Ba4 16. Ne3 Kb7 17. Ba5 Nc8 18. Nc4 Bb5 19. Nxb6 Nxb6 20. a4 Qc6 21. c4
Nxa4 22. cxb5 axb5 23. Bxd8 Rxd8 24. Qa5 Ra8 25. Qxb5+ Qxb5 26. Rxb5+ Kc6 27.
Rb3 f6 28. Ra1 Ra6 29. Nd2 f5 30. e5 g5 31. g3 gxf4 32. gxf4 Bh6 33. Nc4 Bxf4
34. Rb8 Ra7 35. Rc8+ Kd7 36. Rxa4  1-0

[Event "ASIAN JUNIORS & GIRLS UNDER-20 CHESS CHAMPIONSHIPS"]
[Site "Tagaytay City, Philippines"]
[Date "2014.12.01"]
[Round "5"]
[Board "4"]
[White "MENDOZA, Shania Mae"]
[Black "NANDHIDHAA, Pv"]
[Result "0-1"]
[WhiteElo "1907"]
[BlackElo "2177"]
[PlyCount "100"]
[EventDate "2014.11.29"]
[EventRounds "9"]
[EventCountry "PHI"]

1. e4 c5 2. Nf3 e6 3. d4 cxd4 4. Nxd4 a6 5. c4 Qc7 6. Nc3 Nf6 7. Nc2 b6 8. Bd3
Bd6 9. h3 Bb7 10. Be3 Bf4 11. Qd2 Bxe3 12. Qxe3 d6 13. f4 Nbd7 14. O-O O-O 15.
Rae1 Nc5 16. Nd4 Rac8 17. Bb1 Rfd8 18. e5 Ne8 19. b3 g6 20. Rf2 Ng7 21. h4 Nd7
22. Nf3 d5 23. g4 dxc4 24. b4 h5 25. gxh5 Nxh5 26. Ng5 Nf8 27. Kh2 b5 28. Nce4
Bxe4 29. Nxe4 Qe7 30. Ng5 Qxb4 31. Rg1 c3 32. Qf3 Rd2 33. Rxd2 cxd2 34. Ne4 Qd4
35. Qxh5 Qxg1+ 36. Kxg1 gxh5 37. Nxd2 Rd8 38. Nf1 Rd4 39. Kg2 Rxf4 40. Ng3 Rxh4
41. Ne4 Ng6 42. Nf6+ Kf8 43. Nd7+ Ke7 44. Nc5 Nxe5 45. Nxa6 Rg4+ 46. Kh2 Nf3+
47. Kh3 Ng5+ 48. Kh2 h4 49. Bd3 Nf3+ 50. Kh3 Rg3#  0-1

[Event "ASIAN JUNIORS & GIRLS UNDER-20 CHESS CHAMPIONSHIPS"]
[Site "Tagaytay City, Philippines"]
[Date "2014.12.01"]
[Round "5"]
[Board "5"]
[White "SAN DIEGO, Marie Antoinette"]
[Black "ROMERO, Gladys Hazelle"]
[Result "1-0"]
[WhiteElo "2063"]
[BlackElo "1838"]
[PlyCount "87"]
[EventDate "2014.11.29"]
[EventRounds "9"]
[EventCountry "PHI"]

1. d4 g6 2. Nf3 Bg7 3. Bf4 d6 4. e3 Nd7 5. h3 e5 6. Bh2 Qe7 7. Be2 Nh6 8. c4
O-O 9. Nc3 c6 10. O-O f5 11. d5 c5 12. Nd2 g5 13. Kh1 g4 14. hxg4 Nxg4 15. Bxg4
fxg4 16. Qxg4 Rf6 17. f4 Rg6 18. Qf3 Nf8 19. f5 Rh6 20. Kg1 Bd7 21. Nde4 Bf6
22. Nxf6+ Rxf6 23. Ne4 Rxf5 24. Qg4+ Qg7 25. Qxg7+ Kxg7 26. Rxf5 Bxf5 27. Nxd6
Kg6 28. Bxe5 Nd7 29. Bg3 Bd3 30. Rd1 Be2 31. Rd2 Bg4 32. Nxb7 Re8 33. Bf4 h5
34. Kf2 Nf6 35. Nxc5 Rc8 36. b4 a5 37. a3 Bf5 38. d6 axb4 39. axb4 Rxc5 40.
bxc5 Ne4+ 41. Ke1 Nxd2 42. c6 Kf7 43. d7 Ke7 44. Bg5+  1-0

[Event "ASIAN JUNIORS & GIRLS UNDER-20 CHESS CHAMPIONSHIPS"]
[Site "Tagaytay City, Philippines"]
[Date "2014.12.01"]
[Round "5"]
[Board "7"]
[White "SHAIKHA, Abdallah Aldhaheri"]
[Black "ZISHA, Zahuratul Zannat"]
[Result "0-1"]
[WhiteElo "1555"]
[BlackElo "1736"]
[PlyCount "112"]
[EventDate "2014.11.29"]
[EventRounds "9"]
[EventCountry "PHI"]

1. d4 Nf6 2. c4 e6 3. Nc3 d5 4. cxd5 Nxd5 5. e4 Nxc3 6. bxc3 c5 7. Nf3 cxd4 8.
cxd4 Bb4+ 9. Bd2 Qa5 10. Bxb4 Qxb4+ 11. Qd2 Nc6 12. Qxb4 Nxb4 13. Bb5+ Ke7 14.
Ke2 a6 15. Ba4 b5 16. Bb3 Bb7 17. a3 Nc6 18. Rhd1 Na5 19. Bc2 Rac8 20. Ne1 Rhe8
21. f3 g6 22. Rab1 Rc4 23. Ke3 Rc3+ 24. Rd3 Nc4+ 25. Ke2 Rxa3 26. Rxa3 Nxa3 27.
Ra1 Nxc2 28. Nxc2 f5 29. Ke3 Ra8 30. Na3 Rc8 31. Rd1 b4 32. Nb1 fxe4 33. fxe4
Rc2 34. Nd2 Rc3+ 35. Kf4 Rd3 36. Ke5 b3 37. Rc1 Kd7 38. Nc4 b2 39. Nxb2 Re3 40.
Kf6 Bxe4 41. Nc4 Rb3 42. Nd2 Re3 43. Nc4 Re2 44. Nb6+ Kd6 45. Nc4+ Kd5 46. Nb6+
Kxd4 47. Kxe6 Bxg2+ 48. Kf6 Be4 49. Rc4+ Kd3 50. h4 Rb2 51. Na4 Kxc4 52. Nxb2+
Kb4 53. Ke5 Bc2 54. Kd4 a5 55. Nc4 a4 56. Ne3 Bb3  0-1

[Event "ASIAN JUNIORS & GIRLS UNDER-20 CHESS CHAMPIONSHIPS"]
[Site "Tagaytay City, Philippines"]
[Date "2014.12.01"]
[Round "5"]
[Board "8"]
[White "JAISWAL, Bina"]
[Black "AL-MOAAMARI, Mozah"]
[Result "1-0"]
[WhiteElo "1557"]
[BlackElo "1457"]
[PlyCount "93"]
[EventDate "2014.11.29"]
[EventRounds "9"]
[EventCountry "PHI"]

1. e4 e6 2. Nc3 d5 3. exd5 exd5 4. d4 Nf6 5. Bg5 Be6 6. Nf3 Nbd7 7. Bd3 Bd6 8.
Qe2 c6 9. a3 Qc7 10. g3 O-O-O 11. O-O b6 12. Bxf6 Nxf6 13. Kg2 Rhe8 14. Qd2 Qd7
15. Ng1 Rh8 16. b4 b5 17. Rfb1 Rdg8 18. a4 a6 19. axb5 axb5 20. Ra8+ Kb7 21.
Rxg8 Rxg8 22. Nce2 g5 23. c3 h5 24. Rf1 h4 25. Kh1 hxg3 26. fxg3 Bh3 27. Rxf6
Be6 28. Qe1 Qe7 29. Qf1 Rh8 30. Rf2 Qf8 31. Bf5 Qh6 32. Bxe6 fxe6 33. Qg2 Qh5
34. Rf6 Qg4 35. Qf3 Qxf3+ 36. Nxf3 g4 37. Ng5 Be7 38. Rf7 Re8 39. Nxe6 Kb6 40.
Ng7 Ra8 41. Rxe7 Ra1+ 42. Kg2 Ra2 43. Kf2 Rc2 44. Nf5 Rb2 45. Nh6 Ra2 46. Nxg4
Ra8 47. Re6  1-0

[Event "ASIAN JUNIORS & GIRLS UNDER-20 CHESS CHAMPIONSHIPS"]
[Site "Tagaytay City, Philippines"]
[Date "2014.12.02"]
[Round "6"]
[Board "1"]
[White "IVANA MARIA, Furtado"]
[Black "ZHYLKAIDAROVA,  Sholpan"]
[Result "1-0"]
[WhiteElo "2219"]
[BlackElo "2149"]
[PlyCount "81"]
[EventDate "2014.11.29"]
[EventRounds "9"]
[EventCountry "PHI"]

1. Nf3 c5 2. c4 Nc6 3. d4 cxd4 4. Nxd4 Nf6 5. Nc3 g6 6. e4 d6 7. Be2 Bg7 8. Nc2
O-O 9. O-O Bd7 10. Be3 Rc8 11. f3 Ne8 12. Qd2 Na5 13. Na3 b6 14. b4 Nb7 15.
Rab1 Nc7 16. f4 Qe8 17. f5 f6 18. h4 Nd8 19. c5 bxc5 20. bxc5 dxc5 21. Rbd1 Ba4
22. Nxa4 Qxa4 23. Qd7 Qxa3 24. Bc1 Qxa2 25. Rd2 Qb3 26. Qxc8 Nde6 27. Qd7 Rd8
28. fxe6 Rxd7 29. exd7 Ne6 30. d8=Q+ Nxd8 31. Rxd8+ Kf7 32. Bf4 Qb4 33. e5 h6
34. Bg3 c4 35. e6+ Kxe6 36. Rc8 f5 37. Bxc4+ Kf6 38. Re1 Qb6+ 39. Kh1 g5 40.
Re6+ Qxe6 41. Bxe6  1-0

[Event "ASIAN JUNIORS & GIRLS UNDER-20 CHESS CHAMPIONSHIPS"]
[Site "Tagaytay City, Philippines"]
[Date "2014.12.02"]
[Round "6"]
[Board "2"]
[White "PUJARI, Rucha"]
[Black "SUEDE, Mikee Charlene"]
[Result "0-1"]
[WhiteElo "2109"]
[BlackElo "1938"]
[PlyCount "102"]
[EventDate "2014.11.29"]
[EventRounds "9"]
[EventCountry "PHI"]

1. d4 Nf6 2. Nf3 g6 3. c4 d5 4. g3 Bg7 5. Bg2 O-O 6. O-O c6 7. cxd5 cxd5 8. Ne5
Nc6 9. Nc3 Be6 10. Nxc6 bxc6 11. Na4 Qc8 12. b3 Bh3 13. Ba3 Re8 14. Rc1 e5 15.
Bb2 e4 16. Qc2 Qg4 17. f3 Qh5 18. Bc3 Bh6 19. Be1 Bxg2 20. Kxg2 exf3+ 21. exf3
Bxc1 22. Qxc1 Re2+ 23. Bf2 Rae8 24. h3 Qf5 25. g4 Qc2 26. Qf4 Kg7 27. Kg1 Qd2
28. Qg3 R8e3 29. h4 Qxd4 30. h5 h6 31. hxg6 Kxg6 32. Rc1 Ne4 33. Qf4 Re1+ 34.
Kg2 Rxc1 35. Qxe3 Qxe3 36. Bxe3 Rc2+ 37. Kh3 Nf2+ 38. Kg3 Nd3 39. Bxa7 Rxa2 40.
Bd4 Nc1 41. Be5 Nxb3 42. Nc3 Rc2 43. Nd1 f6 44. Ne3 Re2 45. Bf4 d4 46. Ng2 d3
47. Ne3 Rxe3 48. Bxe3 d2 49. Bxd2 Nxd2 50. Kf4 Nxf3 51. Kxf3 Kg5  0-1

[Event "ASIAN JUNIORS & GIRLS UNDER-20 CHESS CHAMPIONSHIPS"]
[Site "Tagaytay City, Philippines"]
[Date "2014.12.02"]
[Round "6"]
[Board "3"]
[White "SARANYA, J"]
[Black "SUPRIYA, Joshi"]
[Result "1/2-1/2"]
[WhiteElo "2104"]
[BlackElo "1895"]
[PlyCount "88"]
[EventDate "2014.11.29"]
[EventRounds "9"]
[EventCountry "PHI"]

1. e4 c6 2. d4 d5 3. Nc3 dxe4 4. Nxe4 Bf5 5. Ng3 Bg6 6. h4 h6 7. Nh3 e6 8. Nf4
Bh7 9. c3 Nf6 10. Bd3 Bxd3 11. Nxd3 Bd6 12. Qf3 Nbd7 13. Bf4 Bxf4 14. Nxf4 Qa5
15. Nfh5 O-O 16. O-O Qd5 17. Qe2 Rae8 18. Rfd1 Nxh5 19. Nxh5 g6 20. Ng3 f5 21.
c4 Qd6 22. Rd3 Qf4 23. h5 e5 24. Re3 Qh4 25. Qc2 exd4 26. Rxe8 Rxe8 27. hxg6
Rf8 28. Nxf5 Qf4 29. Ng3 Ne5 30. Rd1 c5 31. b3 Ng4 32. Rd2 Rd8 33. Qe4 Qxd2 34.
Qe6+ Kh8 35. Qxg4 Qc1+ 36. Kh2 Qg5 37. Qe6 Rg8 38. Nf5 Rxg6 39. Qe8+ Rg8 40.
Qe5+ Kh7 41. Qc7+ Kh8 42. Qe5+ Kh7 43. Qc7+ Kh8 44. Qe5+ Kh7  1/2-1/2

[Event "ASIAN JUNIORS & GIRLS UNDER-20 CHESS CHAMPIONSHIPS"]
[Site "Tagaytay City, Philippines"]
[Date "2014.12.02"]
[Round "6"]
[Board "4"]
[White "NANDHIDHAA, Pv"]
[Black "SAN DIEGO, Jerlyn Mae"]
[Result "1-0"]
[WhiteElo "2177"]
[BlackElo "1411"]
[PlyCount "105"]
[EventDate "2014.11.29"]
[EventRounds "9"]
[EventCountry "PHI"]

1. e4 c5 2. Nf3 d6 3. d4 cxd4 4. Nxd4 Nf6 5. Nc3 a6 6. Be3 e5 7. Nb3 Be6 8. Be2
Be7 9. O-O O-O 10. f4 exf4 11. Bxf4 Nc6 12. Kh1 d5 13. exd5 Nxd5 14. Nxd5 Qxd5
15. Bf3 Qxd1 16. Raxd1 Rfd8 17. Bc7 Rxd1 18. Rxd1 Rc8 19. Bb6 Bf6 20. c3 Bf5
21. Nc5 Rb8 22. Nd7 Rc8 23. Nxf6+ gxf6 24. h3 Kg7 25. Rd6 Be6 26. b3 Ne5 27.
Bxb7 Rxc3 28. Bd4 Rc1+ 29. Kh2 Rc2 30. Rxa6 Nd3 31. Be4 Rd2 32. Bc3 Rd1 33. Rd6
Nf2 34. Rxd1 Nxd1 35. Bd4 Kf8 36. Bc2 Ke7 37. Bxd1 f5 38. a4 Kd7 39. b4 Kc6 40.
Bf3+ Kc7 41. a5 Bc4 42. Kg1 Kd6 43. Kf2 f4 44. Be2 Bd5 45. a6 Kc6 46. b5+ Kd6
47. Bf3 Bxf3 48. Kxf3 Kc7 49. b6+ Kb8 50. Ke4 Ka8 51. Kd5 Kb8 52. Kc6 Kc8 53.
b7+  1-0

[Event "ASIAN JUNIORS & GIRLS UNDER-20 CHESS CHAMPIONSHIPS"]
[Site "Tagaytay City, Philippines"]
[Date "2014.12.02"]
[Round "6"]
[Board "5"]
[White "MENDOZA, Shania Mae"]
[Black "SAN DIEGO, Marie Antoinette"]
[Result "0-1"]
[WhiteElo "1907"]
[BlackElo "2063"]
[PlyCount "98"]
[EventDate "2014.11.29"]
[EventRounds "9"]
[EventCountry "PHI"]

1. e4 c5 2. Nf3 d6 3. d4 cxd4 4. Nxd4 Nf6 5. Nc3 a6 6. h3 e5 7. Nb3 h5 8. Be3
Nbd7 9. Qf3 b5 10. O-O-O Bb7 11. Kb1 Qc7 12. Nd5 Nxd5 13. exd5 Rc8 14. c3 Nf6
15. Bg5 Nxd5 16. Rxd5 f6 17. Bc1 Qf7 18. Rxe5+ dxe5 19. Qg3 Be4+ 20. Bd3 Bxd3+
21. Qxd3 Be7 22. Rg1 O-O 23. g4 Rfd8 24. Qf5 h4 25. f4 exf4 26. Bxf4 Qd5 27.
Qxd5+ Rxd5 28. Re1 Kf7 29. Nd4 g6 30. Rf1 Bd6 31. Bxd6 Rxd6 32. Nf3 Re8 33. g5
f5 34. Nxh4 Rh8 35. Rf4 Re6 36. Kc2 Re4 37. Rxe4 fxe4 38. Ng2 Rxh3 39. Nf4 Rh2+
40. Kc1 e3 41. a3 Rf2 42. Nd3 Rf1+ 43. Kc2 Ke6 44. Nc1 Kf5 45. Ne2 Kg4 46. Nd4
Kg3 47. a4 Kf2 48. axb5 axb5 49. Kb3 e2  0-1

[Event "ASIAN JUNIORS & GIRLS UNDER-20 CHESS CHAMPIONSHIPS"]
[Site "Tagaytay City, Philippines"]
[Date "2014.12.02"]
[Round "6"]
[Board "6"]
[White "ROMERO, Gladys Hazelle"]
[Black "JAISWAL, Bina"]
[Result "1-0"]
[WhiteElo "1838"]
[BlackElo "1557"]
[PlyCount "91"]
[EventDate "2014.11.29"]
[EventRounds "9"]
[EventCountry "PHI"]

1. d4 d5 2. c4 e6 3. Nc3 Nf6 4. cxd5 exd5 5. Bg5 Be6 6. e3 Be7 7. Nf3 a6 8. Bd3
Nbd7 9. O-O O-O 10. Rc1 c5 11. dxc5 Nxc5 12. Bb1 Re8 13. Nd4 Rc8 14. Nf5 Bxf5
15. Bxf5 Rc7 16. Bxf6 Bxf6 17. Qxd5 g6 18. Qxd8 Rxd8 19. Bb1 b5 20. e4 Nd3 21.
Bxd3 Bxc3 22. Bxb5 axb5 23. Rxc3 Rxc3 24. bxc3 Rd2 25. Rb1 Rxa2 26. Kf1 Ra3 27.
Rc1 Ra4 28. Re1 b4 29. cxb4 Rxb4 30. f3 Rb2 31. Re2 Rb1+ 32. Kf2 Rb6 33. Ra2
Kg7 34. g4 Kf6 35. Ra5 Rb2+ 36. Kg3 Rb3 37. h4 Rd3 38. h5 g5 39. Rf5+ Ke6 40.
Rxg5 h6 41. Rg8 Kf6 42. Kf4 Rd4 43. Ra8 Rd6 44. e5+ Ke6 45. exd6 Kxd6 46. Ra6+
 1-0

[Event "ASIAN JUNIORS & GIRLS UNDER-20 CHESS CHAMPIONSHIPS"]
[Site "Tagaytay City, Philippines"]
[Date "2014.12.02"]
[Round "6"]
[Board "8"]
[White "AL-MOAAMARI, Mozah"]
[Black "SHAIKHA, Abdallah Aldhaheri"]
[Result "0-1"]
[WhiteElo "1457"]
[BlackElo "1555"]
[PlyCount "100"]
[EventDate "2014.11.29"]
[EventRounds "9"]
[EventCountry "PHI"]

1. c4 Nf6 2. Nc3 e6 3. e4 Nc6 4. d4 Bb4 5. f3 d6 6. a3 Bxc3+ 7. bxc3 e5 8. d5
Ne7 9. Bd3 c6 10. Ne2 h6 11. Rb1 O-O 12. a4 Qc7 13. O-O Rb8 14. Ba3 b6 15. Qe1
Rd8 16. Qg3 Ng6 17. Bc1 Nh5 18. Qf2 Ba6 19. Bd2 cxd5 20. exd5 Bxc4 21. Bxg6
fxg6 22. Rfd1 Qf7 23. Ng3 Nxg3 24. Qxg3 g5 25. Be3 Bxd5 26. Rd2 Rbc8 27. Rb5
Be6 28. Rc2 Qf5 29. Rc1 Qd3 30. Bf2 Rxc3 31. Rxc3 Qxc3 32. h3 Qa1+ 33. Kh2 Qxa4
34. Rb1 Qf4 35. Qxf4 gxf4 36. Ra1 Rd7 37. Rc1 d5 38. Rc8+ Kf7 39. Rc1 e4 40.
fxe4 dxe4 41. Re1 e3 42. Bh4 Rd2 43. Kg1 e2 44. Kf2 Bc4 45. Kf3 Rd1 46. Rxe2
Bxe2+ 47. Kxe2 Rd4 48. Bf2 Rd7 49. Kf3 b5 50. Kxf4 b4  0-1